Loading...
| Current Events | 1 | 30.00 | 3,600% | 600% | 600% |
| Fine Arts - Auditory | 5 | 18.00 | 1,220% | 460% | 340% |
| Fine Arts - Other | 5 | 18.00 | 1,940% | 320% | 340% |
| Fine Arts - Visual | 4 | 15.00 | 900% | 275% | 425% |
| History - American | 3 | 13.33 | 3,233% | 0% | 167% |
| History - European | 5 | 22.00 | 1,940% | 580% | 340% |
| History - Other | 4 | 17.50 | 625% | 300% | 575% |
| History - World | 4 | 20.00 | 650% | 425% | 175% |
| Literature - American | 2 | 15.00 | 3,600% | 300% | 0% |
| Literature - British | 6 | 15.00 | 1,433% | 200% | 200% |
| Literature - European | 5 | 16.00 | 740% | 460% | 120% |
| Literature - World | 5 | 12.00 | 0% | 120% | 480% |
| Mythology | 6 | 21.67 | 2,233% | 300% | 317% |
| Other Academic | 2 | 15.00 | 1,800% | 0% | 600% |
| Philosophy | 7 | 20.00 | 871% | 500% | 400% |
| Pop Culture | 4 | 20.00 | 900% | 575% | 425% |
| Religion | 3 | 16.67 | 2,400% | 200% | 400% |
| Science - Biology | 4 | 20.00 | 1,550% | 175% | 300% |
| Science - Chemistry | 3 | 16.67 | 1,233% | 400% | 200% |
| Science - Other | 3 | 16.67 | 1,200% | 400% | 400% |
| Science - Physics | 6 | 15.00 | 1,617% | 283% | 283% |
| Social Science | 5 | 16.00 | 1,460% | 260% | 240% |